Statistics for One Direction Song Initials

Click here to take the quiz!

General Stats

  • This quiz has been taken 1,043 times
    (1,020 since last reset)
  • The average score is 11 of 20

Answer Stats

HintAnswer% Correct
NCNobody Compares, Nobody Compares, Night Changes
86%
KYKiss You
84%
IICFIf I Could Fly
73%
DDiana
64%
SMSame Mistakes
59%
WWolves
57%
FGFool's Gold
55%
LWDLong Way Down
54%
SYTSave You Tonight
53%
HHappily
52%
SSStockholm Syndrome
52%
CMMChange My Mind
47%
CYTChange Your Ticket
46%
HAHHalf A Heart
46%
RTRReady To Run
46%
LYFLoved You First
44%
TMALTell Me A Lie
44%
LWLLittle White Lies
38%
TTDThrough The Dark
32%
AMAAct my Age
29%

Score Distribution

Percentile by Number Answered

Percent of People with Each Score

Your Score History

You have not taken this quiz since the last reset